Language Quiz

Random Language or French Quiz

GCSE French Expo Mod 3 Quiz Stats

Quiz not verified by Sporcle

Also try: Drop a T
Challenge
Share
Tweet
Embed
Score 0/50 Timer 10:00
0 Plays Today
English French % Correct
in townen ville
84.2%
bedroomla chambre
78.9%
kitchenla cuisine
73.7%
to haveavoir
73.7%
gardenle jardin
68.4%
modernmoderne
63.2%
I used to livej'habitais
63.2%
a flatun appartement
57.9%
bathroomla salle de bains
57.9%
old (masculine)vieux
57.9%
I used to doje faisais
57.9%
you canon peut
57.9%
in a villagedans un village
52.6%
sitting roomle salon
52.6%
bedun lit
52.6%
pretty (masculine)joli
47.4%
to open ouvrir
47.4%
a wardrobeune armoire
42.1%
to buildconstruire
42.1%
at the seasideau bord de la mer
36.8%
I've lived there for 2 yearsj'y habite depuis deux ans
36.8%
trafficla circulation
36.8%
a bit cityune grande ville
36.8%
to missmanquer
36.8%
a block of flatsun immeuble
31.6%
English French % Correct
in the suburbsen banlieue
31.6%
cellarla cave
31.6%
picturesquepittoresque
31.6%
a tourist townune ville touristique
31.6%
to be être
31.6%
in the countrysideà la campagne
26.3%
in the mountainsà la montagne
26.3%
dining roomla salle à manger
26.3%
on the ground floorau rez-de-chaussée
21.1%
in the basementau sous-sol
21.1%
a shopping centreun centre commercial
21.1%
a green space/ parkun espace vert
21.1%
you couldon pourrait
21.1%
a council flat/houseune HLM
15.8%
on the first floorau premier étage
15.8%
a mirrorune miroir
15.8%
a detatched houseune maison individuelle
10.5%
a semi-detatched houseune maison jumelle
10.5%
in an estatedans un lotissement
10.5%
in the atticdans les combles
10.5%
chest of drawersune commode
5.3%
ring-roadle périphérique
5.3%
park and ride schemele parc relais
5.3%
pedestrian areala zone piétonne
5.3%
bus lanele couloir résérvé au bus
0%

You're not logged in!

Compare scores with friends on all Sporcle quizzes.
Sign Up with Email
OR
Log In

You Might Also Like...

Show Comments

Extras

Top Quizzes Today


Score Distribution

Your Account Isn't Verified!

In order to create a playlist on Sporcle, you need to verify the email address you used during registration. Go to your Sporcle Settings to finish the process.